书目信息 |
| 题名: |
广告理论与实务
|
|
| 作者: | 贺鑫 , 周梅婷 , 李少飞 主编 | |
| 分册: | ||
| 出版信息: | 北京 中国原子能出版社 2019.09 |
|
| 页数: | 214页 | |
| 开本: | 26cm | |
| 丛书名: | ||
| 单 册: | ||
| 中图分类: | F713.80 | |
| 科图分类: | ||
| 主题词: | 广告学--guang gao xue | |
| 电子资源: | ||
| ISBN: | 978-7-5022-9955-2 | |
| 000 | 00999nam0 2200265 450 | |
| 001 | CAL 010312903 | |
| 005 | 20230217093112.0 | |
| 010 | @a978-7-5022-9955-2@dCNY58.00 | |
| 100 | @a20220120d2019 em y0chiy0120 ea | |
| 101 | 0 | @achi |
| 102 | @aCN@b110000 | |
| 105 | @aa a 000yy | |
| 106 | @ar | |
| 200 | 1 | @a广告理论与实务@Aguang gao li lun yu shi wu@f贺鑫, 周梅婷, 李少飞主编 |
| 210 | @a北京@c中国原子能出版社@d2019.09 | |
| 215 | @a214页@c图@d26cm | |
| 320 | @a有书目 (第214页) | |
| 330 | @a本书以广告运作为中心, 完整阐释了广告理论及活动的全貌, 具有理论体系完整、操作策略得当、案例切实新颖的特点。全书共十章, 内容包括: 广告概述、广告发展史概要、广告学原理、广告媒体、广告调研、广告策划、广告创意、广告效果评估、广告运作管理、广告文案。 | |
| 606 | 0 | @a广告学@Aguang gao xue |
| 690 | @aF713.80@v5 | |
| 701 | 0 | @a贺鑫@Ahe xin@4主编 |
| 701 | 0 | @a周梅婷@Azhou mei ting@4主编 |
| 701 | 0 | @a李少飞@Ali shao fei@4主编 |
| 801 | 0 | @aCN@bBJXHZP@c20230228 |
| 905 | @b1386240-3@dF713.80@e1348@f4 | |
| 广告理论与实务/贺鑫, 周梅婷, 李少飞主编.-北京:中国原子能出版社,2019.09 |
| 214页:图;26cm |
| ISBN 978-7-5022-9955-2:CNY58.00 |
| 本书以广告运作为中心, 完整阐释了广告理论及活动的全貌, 具有理论体系完整、操作策略得当、案例切实新颖的特点。全书共十章, 内容包括: 广告概述、广告发展史概要、广告学原理、广告媒体、广告调研、广告策划、广告创意、广告效果评估、广告运作管理、广告文案。 |
| ● |
| 相关链接 |
|
|
|
|
正题名:广告理论与实务
索取号:F713.80/1348
 
预约/预借
| 序号 | 登录号 | 条形码 | 馆藏地/架位号 | 状态 | 备注 |
| 1 | 1386240 | 213862408 | 第一样本阅览室/ [索取号:F713.80/1348] | 在馆 | |
| 2 | 1386241 | 213862417 | 第一借阅区/ [索取号:F713.80/1348] | 在馆 | |
| 3 | 1386242 | 213862426 | 第一借阅区/ [索取号:F713.80/1348] | 在馆 | |
| 4 | 1386243 | 213862435 | 第一借阅区/ [索取号:F713.80/1348] | 在馆 |